Arctic Monkeys Lyrics - When The Sun Goes Down - Statistics

General Stats
  • This quiz has been taken 388 times
  • The average score is 315 of 377
Answer Stats
Lyrics % Correct
do
99%
he
99%
the
99%
a
98%
I
98%
when
98%
girl
96%
she
96%
She
96%
so
96%
that
96%
to
96%
what
96%
What
96%
And
95%
and
95%
don't
95%
there?
95%
you
95%
it
94%
It
94%
be
93%
be,
93%
he's
93%
in
93%
man
93%
said,
93%
said
93%
who's
93%
him
92%
of
92%
all
91%
credit
91%
down"
91%
down
91%
scummy
91%
see
91%
can
90%
Can
90%
does
90%
goes
90%
her
90%
no
90%
not
90%
sun
90%
wonder
90%
got
89%
he'll
89%
streets
89%
they
89%
wrong
89%
bet
88%
Bet
88%
doubt
88%
eye
88%
if
88%
on
88%
cards,
87%
chance,
87%
eyes,
87%
eyes
87%
had
87%
his
87%
night
87%
rob
87%
went
87%
know?
86%
changes
85%
give
85%
It's
85%
it's
85%
quite
85%
scumbag,
85%
girls
84%
red
84%
yeah,
84%
yeah
84%
Yeah,
84%
I've
83%
light
83%
roam
83%
other
82%
with
82%
at
81%
but
81%
drivin'
81%
here,
81%
here
81%
legitimate
81%
seen
81%
some
81%
'Cause
80%
put
80%
receipts
80%
Roxanne
80%
Around
79%
around
79%
ban
79%
your
79%
alright
78%
Just
78%
half
76%
major
76%
offences
76%
told
76%
you're
76%
have
74%
oh,
71%
oh
71%
nasty
70%
listen
69%
must
69%
plan
69%
turn
69%
up
69%
Amongst
68%
say
68%
trying
68%
ground
67%
sorry,
67%
I'll
66%
"I'm
66%
infected
66%
love,
64%
makes
64%
might
64%
proposition
64%
She's
64%
she's
64%
stomach
64%
story
64%
feelin'
63%
subtle
63%
freezin'
62%
my
62%
starin'
62%
f***ing
61%
hope
61%
involved
61%
summat
60%
more
58%
out
58%
sees
58%
than
58%
delighted
57%
likely
57%
They're
57%
are
56%
town
56%
Look,
55%
Mr.
54%
start
54%
chances?
53%
Because
52%
even
52%
get
52%
Isn't
52%
clear
51%
Ford
51%
sky
51%
givin'
50%
Over
50%
picked
50%
Well,
50%
goin'
49%
comes
48%
Inconspicuous?
48%
river,
48%
winter,
45%
Pullin'
44%
Mondeo
42%
Although
40%
Avert
39%
ready
38%
owt
36%
beneath
35%
stop
35%
clad
33%
Sure
32%
stance
29%
Scantly
8%
No matching quizzes found
Score Distribution
Percent of People with Each Score
Percentile by Number Answered
Your Score History
You have not taken this quiz